Differential and integral calculus

Αποθηκεύτηκε σε:
Λεπτομέρειες βιβλιογραφικής εγγραφής
Κύριος συγγραφέας: Courant, Richard 1888-1972
Μορφή: Βιβλίο
Γλώσσα:English
Δημοσίευση: [New York] : Interscience Publishers, 1988
Έκδοση:Wiley classics library ed
Σειρά:Wiley classics library
Θέματα:
Ετικέτες: Προσθήκη ετικέτας
Δεν υπάρχουν, Καταχωρήστε ετικέτα πρώτοι!

MARC

LEADER 00000cam a2200000 i 4500
001 1/35236
008 941103s1988 eng d
020 |a 0471608424 
020 |a 0471608408 
020 |a 0471178209 
020 |a 0471178535 
035 |l 10039886 
035 |a 1993  |c ΜΥΡΙΤΖΗΣ 
040 |a GR-MY-UA  |b gre  |e aacr 
041 0 |a eng 
082 0 |a 515  |2 (19) 
100 1 |a Courant, Richard  |d 1888-1972. 
245 1 0 |a Differential and integral calculus /  |c by R. Courant ; translated by E.J. McShane 
250 |a Wiley classics library ed 
260 |a [New York] :   |b Interscience Publishers,   |c 1988 
300 |a 2 v.;  |b ill.;  |c 23 cm 
490 1 |a Wiley classics library 
500 |a Translation of: Vorlesungen uber Differential- und Integralrechnung 
500 |a Originally published: 2nd ed., 1937 
500 |a Includes indexes 
650 0 0 |a Calculus. 
830 0 |a Wiley classics library 
852 |a INST  |b SAMOS  |e 19941103  |h 515 COU  |p 005300002644  |q 005300002644  |t BK  |y 0  |z τ.1 
852 |a INST  |b SAMOS  |e 19941103  |h 515 COU  |p 005300002644  |q 005300002644  |t BK  |v τ.1:  |y 0  |z τ.1 
853 |a INST  |b SAMOS  |h 515 COU 
909 |a Σ  |b 031535